Southville International School and Colleges
Your cart is empty.
  • Cart
  • Lists
    Public lists Eva Luna New books Lux_list list_1
    Your lists Log in to create your own lists
  • Log in to your account
  • Your cookies
  • Search history
Southville International School and Colleges
  • Advanced search
  • Recent comments
  • Most popular
  • Libraries

Log in to your account

Log in with GOOGLE


If you do not have an external account, but do have a local account, you can still log in:

  1. Home
  2. MARC view: Assessment for intervention :
Normal view MARC view ISBD view

Assessment for intervention : (Record no. 25756)

[ view plain ]
MARC details
000 -LEADER
fixed length control field 00866nam a22002417a 4500
005 - DATE AND TIME OF LATEST TRANSACTION
control field 20140310183638.0
008 - FIXED-LENGTH DATA ELEMENTS--GENERAL INFORMATION
fixed length control field 131212b xxu||||| |||| 00| 0 eng d
020 ## - INTERNATIONAL STANDARD BOOK NUMBER
International Standard Book Number 9781462506873
050 ## - LIBRARY OF CONGRESS CALL NUMBER
Classification number LB 1027.55
Item number .As77 2013
245 ## - TITLE STATEMENT
Title Assessment for intervention :
Remainder of title a problem-solving approach /
Statement of responsibility, etc edited by Rachel Brown-Chidsey, Kristina J. Andren.
250 ## - EDITION STATEMENT
Edition statement 2nd ed.
260 ## - PUBLICATION, DISTRIBUTION, ETC. (IMPRINT)
Place of publication, distribution, etc New York :
Name of publisher, distributor, etc The Guilford Press,
Date of publication, distribution, etc 2013.
300 ## - PHYSICAL DESCRIPTION
Extent xiv, 385 p. :
Other physical details ill. ;
Dimensions 26 cm.
500 ## - GENERAL NOTE
General note Includes Bibliographic References and Index.
521 ## - TARGET AUDIENCE NOTE
Target audience note
650 ## - SUBJECT ADDED ENTRY--TOPICAL TERM
Topical term or geographic name as entry element School psychology
Chronological subdivision United States.
650 ## - SUBJECT ADDED ENTRY--TOPICAL TERM
Topical term or geographic name as entry element PSYCHOLOGY / Psychotherapy / Child & Adolescent.
650 ## - SUBJECT ADDED ENTRY--TOPICAL TERM
Topical term or geographic name as entry element EDUCATION / Special Education / General.
700 ## - ADDED ENTRY--PERSONAL NAME
Personal name Brown-Chidsey, Rachel.
Relator term editor.
700 ## - ADDED ENTRY--PERSONAL NAME
Personal name Andren, Kristina J.
Relator term editor.
942 ## - ADDED ENTRY ELEMENTS (KOHA)
Source of classification or shelving scheme Library of Congress Classification
Koha item type Books
Call number prefix Foreign
Holdings
Withdrawn status Lost status Source of classification or shelving scheme Damaged status Home library Current library Shelving location Date acquired Total Checkouts Full call number Barcode Date last seen Copy number Price effective from Koha item type
    Library of Congress Classification   College Library College Library Reserve Section 12/12/2013   LB 1027.55 .As77 2013 C17203 05/15/2018 1 12/12/2013 Books

Assessment for intervention :

APA

Brown-Chidsey R., Andren K. J., . (2013). Assessment for intervention. New York: The Guilford Press.

Chicago

Brown-Chidsey Rachel, Andren Kristina J, . 2013. Assessment for intervention. New York: The Guilford Press.

Harvard

Brown-Chidsey R., Andren K. J., . (2013). Assessment for intervention. New York: The Guilford Press.

MLA

Brown-Chidsey Rachel, Andren Kristina J, . Assessment for intervention. New York: The Guilford Press. 2013.

  • Place hold
  • Print
  • Cite
  • Add to your cart (remove)
  • Save record
    BIBTEX Dublin Core MARCXML MARC (non-Unicode/MARC-8) MARC (Unicode/UTF-8) MARC (Unicode/UTF-8, Standard) MODS (XML) RIS
  • More searches
    Search for this title in:
    Other Libraries (WorldCat) Other Databases (Google Scholar) Online Stores (Bookfinder.com) Open Library (openlibrary.org)

Exporting to Dublin Core...

SOUTHVILLE LIBRARY

Southville International School and Colleges Library

1281 Tropical Ave. Cor. Luxembourg St., BF Homes International, Las Pinas City

Tel. No. 8256374 / 252358 Loc. 117/146

Powered by Koha